Formy šikanovania a týrania žiakov na školách

Na minha lista:
Detalhes bibliográficos
Autor principal: Kvietková, Alena, 1973- (Author)
Outros Autores: Kusin, Vasiľ, 1943- (Thesis advisor)
Formato: Manuscrito Livro
Idioma:eslovaco
Publicado em: STU v Bratislave MTF UIPH, 2010
Assuntos:
Acesso em linha:VAIS
Tags: Adicionar Tag
Sem tags, seja o primeiro a adicionar uma tag!

MARC

LEADER 00000ntm a22000003a 4500
001 stu207549
005 20160719160327.3
008 100715s2010------------------------slo-d
040 |a STU  |b slo 
041 0 |a slo 
100 1 |a Kvietková, Alena,  |d 1973-  |4 aut  |X 57566  |7 A000057566 
242 0 0 |a Forms of bullying and maltreatment of pupils at schools  |y eng 
245 1 |a Formy šikanovania a týrania žiakov na školách 
260 |b STU v Bratislave MTF UIPH,  |c 2010 
650 7 |a šikanovanie  |2 stusub 
650 7 |a agresivita  |2 stusub 
650 7 |a prevencia  |2 stusub 
700 1 |a Kusin, Vasiľ,  |d 1943-  |4 ths  |u M7100  |U MTF Ústav inžinierskej pedagogiky a humatitných vied  |T MTF Katedra inžinierskej pedagogiky a psychológie  |X 3641  |U M7100  |Y 170  |7 A000003641 
856 4 |a info a plný text  |u http://is.stuba.sk/zp/portal_zp.pl?podrobnosti=58838  |3 VAIS 
996 |c M*DP-9599  |l MMSKP  |s P  |a 0  |w stu207549_0001